| Tag |
First Indicator |
Second Indicator |
Subfields |
| LEADER |
00000nam a2200000Ia 4500 |
| 001 |
in00004246521 |
| 005 |
20200807093251.0 |
| 006 |
m g d |
| 007 |
cr bn |||a|bb| |
| 008 |
850411s1641 enk o 00| | eng d |
| 035 |
|
|
|a (OCoLC)11906574
|
| 040 |
|
|
|a EAA
|c EAA
|d WaOLN
|
| 037 |
|
|
|a CL0037000025
|b ProQuest Information and Learning. 300 N. Zeeb Rd., Ann Arbor, MI 48106
|
| 043 |
|
|
|a e-uk---
|
| 049 |
|
|
|a UMIA
|
| 245 |
0 |
0 |
|a Imprisonment of mens bodyes for debt, as the practise of England now stands, is ... against the law of God ...
|
| 260 |
|
|
|a [London? :
|b publisher not identified],
|c 1641.
|
| 300 |
|
|
|a 1 online resource ([2], 28 pages)
|
| 336 |
|
|
|a text
|b txt
|2 rdacontent
|
| 337 |
|
|
|a computer
|b c
|2 rdamedia
|
| 338 |
|
|
|a online resource
|b cr
|2 rdacarrier
|
| 500 |
|
|
|a Reproduction of original in Union Theological Seminary Library.
|
| 510 |
4 |
|
|a Wing
|c I106
|
| 533 |
|
|
|a Electronic reproduction.
|b Ann Arbor, Mich. :
|c UMI,
|d 1999-
|f (Early English books online)
|n Digital version of: (Early English books, 1641-1700 ; 816:11)
|7 s1999 miun s
|
| 650 |
|
0 |
|a Debt, Imprisonment for
|z Great Britain.
|
| 830 |
|
0 |
|a Early English books online.
|
| 856 |
4 |
0 |
|u http://proxy.library.tamu.edu/login?url=https://search.proquest.com/docview/2240855753
|z Connect to the full text of this electronic book
|t 0
|
| 999 |
f |
f |
|s 41b7b2c4-6a52-33ab-9ffa-acbec0a8046a
|i bbdeb43d-33e3-375c-896a-e47358743389
|t 0
|
| 952 |
f |
f |
|a Texas A&M University
|b College Station
|c Electronic Resources
|d Available Online
|t 0
|h No information provided
|
| 998 |
f |
f |
|t 0
|l Available Online
|